| 000 | 00375nam a22001457a 4500 | ||
|---|---|---|---|
| 008 | 250620b |||||||| |||| 00| 0 eng d | ||
| 020 | _a9788122438024 | ||
| 050 |
_aQR53 _b.R64 |
||
| 100 | _aR LE Casida J. | ||
| 245 | _aIndustrial microbiology | ||
| 250 | _a2nd | ||
| 260 |
_aNew delhi _bNew age international publishers |
||
| 650 | _aIndustrial microbiology | ||
| 942 | _cBK | ||
| 999 |
_c3907 _d3907 |
||